000 00675nam a2200193Ii 4500
003 JO-AjNU
008 230605s9999||||xx |||||||||||||| ||und||
040 _aJO-AjNU
_bara
_erda
_cJO-AjNU
041 _aara
050 1 4 _aPJ7542.M75.J3222 2009
100 3 _aالجدع، أحمد,
_eauthor
_911866
245 0 0 _aأجمل مائة قصيدة في الشعر الاسلامي، ج4
264 3 1 _aعمان: دار الضياء، 2009
300 _aج4، 291ص
336 _atext
_btxt
_2rdacontent
337 _aunmediated
_bn
_2rdamedia
338 _avolume
_bnc
_2rdacarrier
650 4 _aالشعر الديني الاسلامي-المدائح النبوية-الشعر
_911867
999 _aA2545
_c6113
_d6113